Дело о выдаче 10-летней привилегии почетному гражданину Герасимову на изобретенную им печь для беспрерывного обугливания костей

RUSMARC
00005864cbc2a2200000#x 450
0014866b83c-6491-4a3c-8c37-0a2d848348d3
00520210723122800.0
100##$a20130918l18561856k y0rusy0189 ca
1010#$arus
102##$aRU
251##$cДело
2250#$aДепартамент государственной экономии Государственного совета
$hОпись № 4
$i1856 год
324##$aПленка
801#0$aRU
$bРГИА
$c20130918
801#1$aRU
$bГлавНИВЦ
$c20130918
$2rusmarc
801#2$aRU
$bПБ им. Б.Н. Ельцина
$c20130920
$gRCR
$2rusmarc
850##$aФедеральное казенное учреждение "Российский государственный исторический архив" (РГИА)
852##$aРГИА
$j209
937##$aASBIBLIO_SCAN
$bРГИА_1152:_4:1856_209:
$d6211693
$hРГИА
2001#$aДело о выдаче 10-летней привилегии почетному гражданину Герасимову на изобретенную им печь для беспрерывного обугливания костей
$j2 августа - 16 октября 1856 года
215##$a10 листов
035##$a4866b83c-6491-4a3c-8c37-0a2d848348d3
1222#$ad18560802##
$ad18561029##
1222#$ad18560408##
$ad18561029##
300##$aРукописный текст. Чернила
300##$aОригинальный заголовок дела: О привилегии почетному гражданину Герасимову на усовершенствование в печи для обугливания костей : 8 апреля - 29 октября 1856 года
5171#$aО привилегии почетному гражданину Герасимову на усовершенствование в печи для обугливания костей
$e8 апреля - 29 октября 1856 года
461#0$10010d5be7de-e8a8-41f9-ad39-4638185d5a90
$12001
$aДепартамент государственной экономии Государственного совета
$1251
$cФонд
$1852
$j1152
462#0$100183877329-2d90-4008-90eb-bd48d4a741cd
$12001
$a1850-1856
$vД. 209
$1251
$cОпись
$1852
$j4
686##$a35.746.0у.ю11
$2rubbk
$vLBC/M
686##$a63.3(2)52-33ю11
$2rubbk
$vLBC/M
60101$2nlr_sh
$3RU\NLR\AUTH\6601644949
$aРоссия
$bДепартамент государственной экономии
$jДокументы и материалы
605##$2acquisition_Prlib
$3DITM\AF\0000002775
$aВласть
$lколлекция
605##$2acquisition_Prlib
$3DITM\AF\0000003834
$aНарод
$lколлекция
605##$aРоссийское изобретательство: страницы истории
$lколлекция
$2acquisition_Prlib
$3LIBNET\UAF\0000095744
6061#$2nlr_sh
$3RU\NLR\AUTH\6601682045
$aИзобретения
$xПатентование
$yРоссия
$jДокументы и материалы
Формат отображения